000 00552nmm a2200169Ia 4500
008 251105s9999||||xx |||||||||||||||||und||
020 _a9789587386356
041 _aspa
100 _aPerdigón Lesmes, Cristhian
245 0 _aFilosofía y literatura :
_b La experiencia estética en Estanislao Zuleta
264 _a[Bogotá, Colombia] :
_bUniversidad del Rosario,
_c2015
300 _a108 páginas
490 _aTextos de Ciencias Humanas
650 _aPhilosophy, Ethics
856 _uhttps://public.digitaliapublishing.com/a/46528
942 _cCF
999 _c95834
_d95834